| 000 | 00805cam a2200229 a 4500 | ||
|---|---|---|---|
| 001 | 4909160 | ||
| 005 | 20241128105756.0 | ||
| 008 | 950602s1995 ilua b 001 0 eng | ||
| 020 | _a0844250821 | ||
| 050 | 0 | 0 |
_aPN1992.75 _b.K57 1995 |
| 082 | 0 | 0 |
_a791.45/0232 _220 |
| 100 | 1 | _aBielak, Mark. | |
| 245 | 1 | 0 |
_aTelevision production today / _cMark Bielak. |
| 250 | _a3rd ed. | ||
| 260 |
_aLincolnwood, Ill. : _bNational Textbook Co., _cc1995. |
||
| 300 |
_axi, 259 p. : _bill. ; _c24 cm. |
||
| 500 | _aRev. ed. of: Television production today! / James D. Kirkham. c1981. | ||
| 650 | 0 |
_aTelevision _xProduction and direction. |
|
| 700 | 1 |
_aKirkham, James D. _tTelevision production today! |
|
| 856 | 4 | 2 |
_3Publisher description _uhttp://www.loc.gov/catdir/description/mh051/94066602.html |
| 942 |
_2lcc _cBK _n0 |
||
| 999 |
_c1686 _d1686 |
||